000
00190 a2200097 4500
020
_a
9780060835743
041
_a
spa
100
_a
Ginger Foglesong Guy
245
_a
Perros Perros
942
_c
K
999
_c
26429
_d
26429